| 000 | 00504nam a2200145Ia 4500 | ||
|---|---|---|---|
| 008 | 100204s9999 xx 000 0 und d | ||
| 082 | _b622 | ||
| 100 | _aखरे सुरेश | ||
| 245 | _aअसूनी नाथ मी अनाथ | ||
| 260 |
_b"जोशी ब्रदर्स पब्लिशर्स, पुणे" _c1973 |
||
| 300 | _a83 | ||
| 630 | _aअसूनी नाथ मी अनाथ | ||
| 730 | _aअसूनी नाथ मी अनाथ | ||
| 942 | _cBOOK | ||
| 999 |
_c445817 _d445814 |
||